000 02018cam a2200349 a 4500
003 EG-GiCUC
005 20250223031601.0
008 161022s2016 ua dh f m 000 0 eng d
040 _aEG-GiCUC
_beng
_cEG-GiCUC
041 0 _aeng
049 _aDeposite
097 _aM.Sc
099 _aCai01.11.28.M.Sc.2016.Do.L
100 0 _aDoaa Shaban Ameen Hassanin
245 1 0 _aLeft atrial and left ventricular impairment in children with juvenile systemic Lupus erythematosus By 3D echocardiography /
_cDoaa Shaban Ameen Hassanin ; Supervised Mohamed Youssef Abdelrahman , Hala Mohamed Lotfy , Youmna Mohamed Farag
246 1 5 _aدراسة تأثرالأذين الأيسروالبطين الأيسر في الاطفال المصابين بالذئبه الحمراء
260 _aCairo :
_bDoaa Shaban Ameen Hassanin ,
_c2016
300 _a133 P. :
_bcharts , facsimiles ;
_c25cm
502 _aThesis (M.Sc.) - Cairo University - Faculty of Medicine - Department of Pediatrics
520 _aThis cross-sectional study enrolled 40 JSLE patients and 25 age and sex matched controls. All were examined by 2D and 3D echocardiography to detect any left atrial or ventricular changes.SLEDAI-2K and damage index were assessed in all patients. Some degree of impairment of left atrial and left ventricular functions were detected in patients compared to controls. Area strain was significantly affected in patients with neuropsychiatric symptoms.3D Echocardiographic examination in JSLE patients specially those with neuropsychiatric symptoms is recommended for detection of subtle myocardial changes
530 _aIssued also as CD
653 4 _a3D Echo
653 4 _aArea strain
653 4 _aSystemic Lupus
700 0 _aHala Mohamed Lotfy ,
_eSupervisor
700 0 _aMohamed Youssef Abdelrahman ,
_eSupervisor
700 0 _aYoumna Mohamed Farag ,
_eSupervisor
856 _uhttp://172.23.153.220/th.pdf
905 _aNazla
_eRevisor
905 _aSoheir
_eCataloger
942 _2ddc
_cTH
999 _c58221
_d58221